000 00691nam a2200217 4500
003 OSt
005 20240627072641.0
006 a
008 240627b |||||||| |||| 00| 0 eng d
020 _a9789710596003
040 _aDWCL-Main lib.
_cOC
082 _aFil. 658.8 G534f 2010
_2Second edition
100 _aGo, Joshiah
245 _aFundamentals of marketing in the philippine setting /
250 _aSecond edition
260 _aManila :
_bJosiah and Carolina Go Foundation, Inc. ,
_cc2010.
300 _b462 p. ; ill. ;
_c22 cm.
504 _aIncludes bibliographical references & index.
650 _a1. Marketing-Philippines.
942 _2ddc
_n0
_cBK - FIL
_kFil.
_eSecond edition
999 _c1516
_d1516